| 000 | 00572nam a22002057a 4500 | ||
|---|---|---|---|
| 003 | OSt | ||
| 005 | 20260530113910.0 | ||
| 008 | 260420b1975 ag |||| |||| 00| 0 spa d | ||
| 040 |
_aICI _bspa _cICI |
||
| 050 |
_aLB1026 _bG35 1975 |
||
| 100 |
_a Garcia, Guillermo, _eautor _933283 |
||
| 245 | _aLa educación como practica social | ||
| 260 |
_aArgentina : _bAxis, _c 1975 |
||
| 300 | _a102 paginas | ||
| 336 |
_2rdacontent _atexto |
||
| 337 |
_2rdamedia _asin medio |
||
| 338 |
_2rdacarrier _avolumen |
||
| 650 |
_aSociología de la educación _925013 |
||
| 942 |
_2lcc _cBK |
||
| 999 |
_c12100 _d12100 |
||